000 00499nam a22001691cc4500
001 a987674443+Band1
035 _aa987674443
008 170707s1990 gw a||| 000u ger d
245 0 0 _aBismarck
_nBand 1
_pBismarck - Urpreuße und Reichsgründer
264 _aBerlin :
_bAkademie Verl.,
_c1990
300 _aXVI, 839 S. : Ill
246 1 2 _aBismarck. Bismarck - Urpreuße und Reichsgründer
_nBand 1
773 0 8 _wa987674443
_qBand1
942 _cMG
040 _cRU-10907106
003 RU-10907106
999 _c45012
_d45012